2020 Census Quiz - Statistics

General Stats
  • This quiz has been taken 465 times
  • The average score is 16 of 20
Answer Stats
Population Growth State % Correct
+14.56% Florida
94%
+15.91% Texas
94%
+14.60% Washington, DC
90%
+14.58% Washington
88%
+11.88% Arizona
87%
+2.28% Ohio
85%
+14.96% Nevada
82%
-0.06% Illinois
81%
+1.96% Michigan
80%
+14.80% Colorado
79%
+17.32% Idaho
78%
+18.37% Utah
78%
-3.20% West Virginia
74%
+2.56% Maine
73%
+2.36% Pennsylvania
73%
+15.83% North Dakota
71%
+2.35% Wyoming
67%
-0.20% Mississippi
65%
+2.74% Louisiana
63%
+0.89% Connecticut
60%
No matching quizzes found
Score Distribution
Percent of People with Each Score
Percentile by Number Answered
Your Score History
You have not taken this quiz